00452pab a2200145 454500008004000000100001900040245007800059260000900137300001500146362000800161650003100169650004500200650002700245773003400272180718b2013 xxu||||| |||| 00| 0 eng d aSingh, Kuldeep aViolation of human rights: Some observations in Haryana (Discussion note) c2013 ap.115-130. aJan aViolence - India - Haryana aHuman rights violation - India - Haryana aHuman rights violation aIndian Journal of Social Work